|
|
|
|
| LEADER |
01779cam a2200469 a 4500 |
| 001 |
nkc20132435020 |
| 003 |
CZ PrNK |
| 005 |
20131209113435.0 |
| 007 |
ta |
| 008 |
121029s2012 xr a e p 000 0 cze d |
| 015 |
|
|
|a cnb002435020
|
| 020 |
|
|
|a 978-80-86698-28-1
|q (brož.)
|z 80-86698-28-9
|
| 035 |
|
|
|a (OCoLC)847727406
|
| 040 |
|
|
|a OSA001
|b cze
|d ABA001
|
| 072 |
|
7 |
|a 621
|x Strojírenství
|2 Konspekt
|9 19
|
| 072 |
|
7 |
|a 37.016
|x Učební osnovy. Vyučovací předměty. Učebnice
|2 Konspekt
|9 22
|
| 080 |
|
|
|a 621.791.754
|2 MRF
|
| 080 |
|
|
|a (075)
|2 MRF
|
| 080 |
|
|
|a (079.1)
|2 MRF
|
| 100 |
1 |
|
|a Dolejský, Tomáš
|7 jo2013758968
|4 aut
|
| 245 |
1 |
0 |
|a Učebnice pro základní kurz svařování tavící se elektrodou :
|b (MIG/MAG svařování) /
|c Tomáš Dolejský
|
| 246 |
1 |
|
|i Název v tiráži:
|a Učebnice: "Základní kurz svařování MIG/MAG se souborem testových otázek"
|
| 246 |
3 |
0 |
|a Základní kurz svařování tavící se elektrodou
|
| 246 |
1 |
4 |
|a Základní kurz svařování MIG/MAG se souborem testových otázek
|
| 246 |
1 |
8 |
|a Základní kurz svařování MIG/MAG
|
| 250 |
|
|
|a 1. vyd.
|
| 260 |
|
|
|a Ostrava :
|b ZEROSS,
|c 2012
|
| 300 |
|
|
|a 144 s. :
|b il. (některé barev.) ;
|c 21 cm
|
| 490 |
1 |
|
|a Svařování
|
| 504 |
|
|
|a Obsahuje bibliografii
|
| 650 |
0 |
7 |
|a svařování v ochranné atmosféře
|7 ph173806
|2 czenas
|
| 650 |
0 |
9 |
|a arc welding with protective gas
|2 eczenas
|
| 655 |
|
7 |
|a učebnice
|7 fd133770
|2 czenas
|
| 655 |
|
7 |
|a testy
|7 fd133697
|2 czenas
|
| 655 |
|
9 |
|a textbooks
|2 eczenas
|
| 655 |
|
9 |
|a tests
|2 eczenas
|
| 830 |
|
0 |
|a Svařování
|0 s
|
| 910 |
2 |
|
|a BOA001
|b 2-1315.254
|
| 990 |
|
|
|a BK
|
| 995 |
|
|
|a 01
|
| 991 |
|
|
|b 201312
|c NOV
|e n
|
| 996 |
6 |
|
|b 2610572214
|c 2-1315.254
|l MZK
|r Sklad / do 1 hodiny
|n 3
|p p.v.
|w 001385828
|u 000010
|a 1
|e BOA001
|j MZK50
|s P
|